书目信息 |
| 题名: |
抽样检验方法
|
|
| 作者: | ;中国科学院数学研究所统计组 编 | |
| 分册: | ||
| 出版信息: | 北京 科学出版社 1977 |
|
| 页数: | 164页 | |
| 开本: | 19cm | |
| 丛书名: | ||
| 单 册: | ||
| 中图分类: | O213.1 | |
| 科图分类: | ||
| 主题词: | 质量控制 | |
| 电子资源: | ||
| ISBN: | ||
| 000 | 00624nam0 2200217 45 | |
| 001 | 0177000994 | |
| 005 | 20060725163840.81 | |
| 010 | @dCNY0.50 | |
| 100 | @a19951009d1977 em y0chiy0121 ea | |
| 101 | 0 | @achi |
| 102 | @aCN@b110000 | |
| 105 | @ay z 000yy | |
| 200 | 10 | @a抽样检验方法@Achou yang jian yan fang fa@f中国科学院数学研究所统计组编 |
| 210 | @a北京@c科学出版社@d1977 | |
| 215 | @a164页@d19cm | |
| 606 | @a质量控制 | |
| 690 | @aO213.1@v3 | |
| 711 | 02 | @a中国科学院数学研究所统计组@Azhong guo ke xue yuan shu xue yan jiu suo tong ji zu@4编 |
| 801 | 2 | @aCN@bNLC@c20060725 |
| 801 | 0 | @aCN@bTSSF |
| 905 | @dO213.1@e7 | |
| 抽样检验方法/中国科学院数学研究所统计组编.-北京:科学出版社,1977 |
| 164页;19cm |
| ISBN :CNY0.50 |
| ● |
| 相关链接 |
|
|
|
|
正题名:抽样检验方法
索取号:O213.1/7
 
预约/预借
| 序号 | 登录号 | 条形码 | 馆藏地/架位号 | 状态 | 备注 |
| 1 | 0431645 | 204316454 | 密集书库/ [索取号:O213.1/7] | 在馆 | |
| 2 | 0431646 | 204316463 | 密集书库/ [索取号:O213.1/7] | 在馆 | |
| 3 | 0431647 | 204316472 | 密集书库/ [索取号:O213.1/7] | 在馆 | |
| 4 | 0431648 | 204316481 | 密集书库/ [索取号:O213.1/7] | 在馆 |